000 00722cab a2200229 4500
001 WB3339-17
008 090401t1997 xxu||||| |||| 00| 0 eng d
035 _a(Sirsi) u81342
041 _aeng
245 _aWhen is time of the essence?
260 _c1997
350 _a0
490 _aEstates Gazette
_v(9740) 4 October 1997, 149(1)
520 _aConsiders cases where time provisions in a rent review clause are of the essence.
650 _aCENTRAL ESTATES LTD V SOS ENVIRONMENT
650 _aMETROLANDS INVESTMENTS LTD V JH DEWHURST LTD
650 _aRENT REVIEW CLAUSES
650 _aTIME OF THE ESSENCE
690 _aLANDLORD AND TENANT-CASE LAW-BUSINESS TENANCIES
942 _n0
948 _c08/10/1997
999 _c51252
_d51252